Tocar mare /
MARC
| LEADER | 00000nam a22000004i 4500 | ||
|---|---|---|---|
| 001 | 29005 | ||
| 003 | AGDB | ||
| 005 | 20260324181539.0 | ||
| 008 | 250618e202505 spc ||||r|||||0|| d cat|c | ||
| 017 | |a DL V 1818-2025 |b Oficina DL València | ||
| 020 | |a 9788412875188 | ||
| 020 | |a 9788410278394 | ||
| 040 | |a ES-BaIT |b cat |e rda |c ES-BaIT | ||
| 080 | |a 849.9-2"20" | ||
| 100 | 1 | |a Barceló, Marta, |e autor | |
| 245 | 1 | 0 | |a Tocar mare / |c Marta Barceló ; pròleg Isabel Marcillas-Piquer |
| 250 | |a 1a edició : |b maig | ||
| 264 | 1 | |a València : |b Galés Edicions ; |a Barcelona : |b Institut del Teatre, |c 2025 | |
| 300 | |a 146 pàgines ; |c 19 cm | ||
| 336 | |a text |b txt |2 rdacontent | ||
| 490 | 1 | |a Zona d'emergència | |
| 520 | |a "Esperança, una dona prejubilada alegre i animosa, i Empar, la directora d'una productora audiovisual, conformen, contra tot pronòstic, una família atípica en què cadascuna encarna el que manca a l'altra. A partir d'un fet inesperat, totes dues hauran de fer un viatge pels records compartits o imaginats, i acabaran descobrint quin és el veritable vincle que les uneix. Una història tan increïble com divertida, que reflexiona sobre el que significa ser mare i ser filla en un món en què la invenció de noves fórmules de relacions personals són el pa nostre de cada dia. Perquè si la vida et regala llimones i a tu no t'agraden, sempre pots anar al mercat." -- Contracoberta | ||
| 700 | 1 | |a Marcillas, Isabel, |e escriptora d'un pròleg | |
| 710 | 2 | |a Institut del Teatre (Barcelona, Catalunya), |e entitat editora | |
| 830 | 0 | |a Zona d'emergència | |
| 908 | |a CDMAE | ||
| 940 | |a CDMAE | ||
| 942 | |2 udc |c ARXIU |n 1 | ||
| 952 | |0 0 |1 0 |2 udc |4 0 |6 BIB1366 |7 1 |9 98615 |a Arxiu |b Arxiu |d 2025-11-07 |l 0 |o Bib-1366 |p 29005 |r 2025-11-07 13:03:41 |w 2025-11-07 |y ARXIU | ||
| 999 | |c 130357 |d 130357 | ||